Investigación de mercados/ (Registro nro. 29502)

Detalles MARC
000 -LÍDER
fixed length control field 00593nam a22002177a 4500
003 - IDENTIFICADOR DEL NÚMERO DE CONTROL
control field ITZ
005 - FECHA Y HORA DE LA ULTIMA TRANSACCIÓN
Campo de control 20240603175356.0
008 - ELEMENTOS DE LONGITUD FIJA -- INFORMACIÓN GENERAL
fixed length control field 240603b |||||||| |||| 00| 0 spa d
020 ## - NÚMERO INTERNACIONAL NORMALIZADO PARA LIBROS
ISBN 978-607-32-5075-7
035 ## - Número de ficha (Janium)
Número de ficha (Janium) 17788
041 ## - CÓDIGO DE IDIOMA
Código de idioma para texto/pista de sonido o título separado spa
050 ## - SIGNATURA TOPOGRAFICA DE LA BIBLIOTECA DEL CONGRESO (LC)
Número de Clasificación HF5415.2
Cutter M3518 - 2020
082 ## - NUMERO DE CLASIFICACION DECIMAL DEWEY
Número de Clasificación 658.83
Cutter M249i - 2020
100 1# - ASIENTO PRINCIPAL--NOMBRE PERSONAL
Nombre personal Malhotra, Naresh K.
245 ## - TÍTULO
Título Investigación de mercados/
Mención de responsabilidad, etc. Naresh K. Malhotra
250 ## - MENCIÓN DE EDICIÓN
Mención de edición 6a ed. español, 7a ed. ingles,
260 ## - PUBLICACIÓN, DISTRIBUCIÓN, ETC. (PIE DE IMPRENTA)
Lugar de publicación, distribución, etc. México:
Nombre del editor, distribuidor, etc. Pearson Educacion,
Fecha de publicación, distribución, etc. 2020
300 ## - DESCRIPCIÓN FÍSICA
Extensión 663 p.
Otros detalles físicos il /
Dimensiones 22 cm.
650 ## - ASIENTO SECUNDARIO DE MATERIA - TERMINO TEMÁTICO
Término temático o nombre geográfico como elemento de entrada 1. MERCADOTECNIA
942 ## - TIPO DE MATERIAL (KOHA)
Koha item type Libros
Existencias
No. biblioteca No. biblioteca Número de clasificación Código de barras/Número de adquisición Número de copia Tipo de material Otras carreras
AREA DE ADMINISTRACIÓN LUIS G. INCLAN 658.83 M249i - 2020 55054 1 Libros LUIS G. INCLAN
Calzada Tecnológico # 27, Zacatepec, Morelos.
01(734) 343-07-23 / 343-21-10 / 343-21-11
Apdo. Postal 45 C.P 62780